Statistiques concernant Les parcours de carrière en club des joueurs de foot #1

Cliquez ici pour prendre le quiz!

Statistiques générales

  • Ce quiz a été pris 668 fois
  • Le résultat moyen est 6 sur 12

Statistiques - réponses

ClubsJoueurs% Correct
River Plate, Real Madrid, Naples, Juventus, AC Milan,
Chelsea, Juventus, Inter Miami
en activitéGonzalo Higuain
84%
FC Sochaux, KSV Roulers, Bruges, Dortmund, Wolfsburg,
Inter, Bayern Munich, Inter, Tottenham
en activitéIvan Perisic
69%
Standard de Liège, Marseille, Chelsea, Dortmund,
Valence, Crystal Palace, Besiktas
en activitéMichy Batshuayi
68%
Lille, Newcastle, Arsenal, Bordeaux, Saint-Etienne,
Valenciennes
en activitéMathieu Debuchy
54%
KSK Beveren, Le Mans, Lille, Arsenal, AS Rome,
Hebei China FC, Parme, Trabzonspor
en activitéGervinho
42%
Lyon, Lens, Nice,Marseille, QPR, Newcastle, Chelsea, Crystal Palace,
Las Palmas, Getafe, Lille, Rizezspor, Adana Demirspor
en activitéLoïc Rémy
40%
FC Barcelone, AS Rome, AC Milan, Ajax, Stoke City, Mayence,
Alavés, Impact de Montréal, Vissel Kobe
en activitéBojan Krkić
38%
FC Pyunik, Metalurh Donetsk, Shakhtar Donetsk, Dortmund,
Manchester United, Arsenal, AS Rome, Inter
en activitéHenrikh Mkhitaryan
38%
KSK Beveren, Metalurh Donetsk, Olympiakos, Monaco, FC Barcelone,
Manchester City, Olympiakos, Qingdao FC
retraitéYaya Touré
37%
CA Cerro, Nacional, Villareal, Atlético Madrid, Inter, Cagliari,
Atlético Mineiro, Vélez Sarsfield
en activitéDiego Godin
31%
Charleroi, Standard de Liège, Marseille, Manchester City, Hambourg,
Bayern Munich
retraitéDaniel Van Buyten
29%
União São João, Atlético Mineiro, Palmeiras, Inter, Real Madrid,
Fenerbahçe, Anji Makhatchkala, Odisha FC
retraitéRoberto Carlos
29%

Distribution des résultats

Percentile par nombre de réponses

% des personnes avec chaque résultat

Votre développement - résultats

Vous n’avez pas pris ce quiz